000 00242nam a22001097a 4500
082 _a400
100 _aJaman,Hasanuj
_983257
245 _aMAX English Vocab
260 _aMeerut UP
_bArihant Pub.
_c2025
650 _aLanguage
942 _cC. BOOKS
999 _c68102
_d68102